[Event "2012(Zaozhuang-China) Asian Nations Chess Cup"]
[Site "ZaoZhuang, China"]
[Date "2012.05.24"]
[Round "7"]
[Board "1"]
[White "Lai, Cyrus Ho-yeung"]
[Black "Abdulwahhab, Ahmed Abdulsattar A"]
[Result "0-1"]
[WhiteElo "1826"]
[BlackElo "2321"]
[PlyCount "0"]
[EventDate "2012.05.17"]
[EventType "team"]
[EventRounds "9"]
[EventCountry "CHN"]
[WhiteTeam "Hong Kong"]
[BlackTeam "Iraq"]

1. e4 c5 2. Nf3 e6 3. d4 cxd4 4. Nxd4 a6 5. Nc3 Qc7 6. Bd3 Nf6 7. O-O Nc6 8.
Be3 Ne5 9. h3 Bc5 10. Qe2 d6 11. f4 Ng6 12. Nb3 Bxe3+ 13. Qxe3 e5 14. f5 Nf4
15. g3 Nxd3 16. Qxd3 O-O 17. Rfd1 b5 18. Nd5 Nxd5 19. exd5 Qc4 20. g4 Qxd3 21.
Rxd3 a5 22. Nd2 Ba6 23. Ne4 Rfd8 24. Rd2 Rac8 25. Kf2 Kf8 26. Ke3 Ke7 27. Rf1
f6 28. Rff2 b4 29. Rg2 g5 30. fxg6 hxg6 31. Rgf2 Rf8 32. h4 f5 33. gxf5 gxf5
34. Ng5 f4+ 35. Kf3 Rh8 36. Rh2 Rh5 37. Ne4 Rg8 38. c3 Bc8 39. cxb4 Bg4+ 40.
Kf2 axb4 41. Rc2 Rc8 42. Rxc8 Bxc8 43. Kf3 Bb7 44. Kg4 Rh8 45. Rd2 Bc8+ 46. Kg5
Rg8+ 47. Kh6 Bf5 48. Nf2 Kf6 0-1

[Event "2012(Zaozhuang-China) Asian Nations Chess Cup"]
[Site "ZaoZhuang, China"]
[Date "2012.05.24"]
[Round "7"]
[Board "2"]
[White "Ismael, Namir Mohammed Ismael"]
[Black "Lo, Cheuk Wai"]
[Result "1-0"]
[WhiteElo "2192"]
[BlackElo "1818"]
[PlyCount "0"]
[EventDate "2012.05.17"]
[EventType "team"]
[EventRounds "9"]
[EventCountry "CHN"]
[WhiteTeam "Iraq"]
[BlackTeam "Hong Kong"]

1. d4 f5 2. Nc3 Nf6 3. Bg5 d5 4. e3 e6 5. Bd3 a6 6. Nge2 Bd6 7. Nf4 O-O 8. Nce2
Qe7 9. h4 Nbd7 10. h5 Qf7 11. h6 g6 12. f3 e5 13. dxe5 Bxe5 14. c3 c5 15. Bc2
b5 16. a3 Bb7 17. Qd2 Nb6 18. b3 Rfe8 19. O-O Rac8 20. Rac1 Rc7 21. Bd3 c4 22.
Bc2 cxb3 23. Bxb3 Nc4 24. Bxc4 dxc4 25. Nd4 Nd7 26. e4 Nc5 27. exf5 Bxd4+ 28.
Qxd4 Qxf5 29. Rce1 Rf8 30. Re7 Rxe7 31. Bxe7 1-0

[Event "2012(Zaozhuang-China) Asian Nations Chess Cup"]
[Site "ZaoZhuang, China"]
[Date "2012.05.25"]
[Round "8"]
[Board "3"]
[White "Chan, Yi Ren Daniel"]
[Black "Ding, Liren"]
[Result "0-1"]
[WhiteElo "2333"]
[BlackElo "2679"]
[PlyCount "0"]
[EventDate "2012.05.17"]
[EventType "team"]
[EventRounds "9"]
[EventCountry "CHN"]
[WhiteTeam "Singapore"]
[BlackTeam "China 1"]

1. e4 e6 2. Nf3 d5 3. Nc3 Nf6 4. e5 Nfd7 5. d4 c5 6. dxc5 Nc6 7. Bf4 Nxc5 8.
Bd3 Be7 9. h4 f5 10. Qe2 Ne4 11. Ng5 Qb6 12. O-O O-O 13. Rab1 h6 14. Nf3 a6 15.
g3 Bd7 16. Bxe4 fxe4 17. Nh2 Rf5 18. Kh1 Nxe5 19. Bxe5 Rxe5 20. f3 Bc6 21. fxe4
dxe4 22. Ng4 Rf5 23. Ne3 Rxf1+ 24. Rxf1 Rf8 25. Rxf8+ Bxf8 26. Ncd1 Qc7 27. Kh2
Qe5 28. Ng4 Qf5 29. Nde3 Qc5 30. b3 h5 31. Nf2 g6 32. Qd2 Bh6 33. Nfd1 Kh7 34.
Qf2 Qf8 35. Qd2 Qf3 36. Qd4 Qe2+ 37. Kh1 Qf3+ 38. Kh2 Bxe3 39. Nxe3 Qf2+ 40.
Kh3 e5 41. Qd6 Qxe3 0-1

[Event "2012(Zaozhuang-China) Asian Nations Chess Cup"]
[Site "ZaoZhuang, China"]
[Date "2012.05.25"]
[Round "8"]
[Board "4"]
[White "Yu, Yangyi"]
[Black "Iskandar, Bin Abdullah"]
[Result "1-0"]
[WhiteElo "2626"]
[BlackElo "2010"]
[PlyCount "0"]
[EventDate "2012.05.17"]
[EventType "team"]
[EventRounds "9"]
[EventCountry "CHN"]
[WhiteTeam "China 1"]
[BlackTeam "Singapore"]

1. e4 e6 2. d4 d5 3. Nc3 Bb4 4. e5 c5 5. a3 Bxc3+ 6. bxc3 Qa5 7. Bd2 Qa4 8. Qb1
c4 9. Ne2 Nc6 10. Nf4 Nge7 11. g3 Bd7 12. h4 O-O-O 13. Bh3 Kb8 14. h5 h6 15.
O-O Nc8 16. Re1 Nb6 17. Qc1 Qa5 18. Ng2 Na4 19. Nh4 Ne7 20. Re3 Rdf8 21. Rf3
Qd8 22. Qe1 Ka8 23. Rb1 Qe8 24. Qe2 g6 25. Ng2 g5 26. Ne3 Ng8 27. Ng4 Qe7 28.
Ra1 f5 29. exf6 Nxf6 30. Nxf6 Rxf6 31. Rxf6 Qxf6 32. Re1 Rf8 33. Kg2 Nb6 34. f4
gxf4 35. Bxf4 a6 36. Qe5 Na4 37. Re3 Qe7 38. Bxe6 Bxe6 39. Qxe6 1-0

[Event "2012(Zaozhuang-China) Asian Nations Chess Cup"]
[Site "ZaoZhuang, China"]
[Date "2012.05.25"]
[Round "8"]
[Board "2"]
[White "Hari Krishna, Pentala"]
[Black "Munkhgal, Gombosuren"]
[Result "1-0"]
[WhiteElo "2693"]
[BlackElo "2387"]
[PlyCount "0"]
[EventDate "2012.05.17"]
[EventType "team"]
[EventRounds "9"]
[EventCountry "CHN"]
[WhiteTeam "India"]
[BlackTeam "Mongolia"]

1. e4 e6 2. d4 d5 3. e5 c5 4. c3 Nc6 5. Nf3 Bd7 6. Be2 Nge7 7. O-O Nf5 8. dxc5
Bxc5 9. Nbd2 Qc7 10. Bd3 Nxe5 11. Bxf5 Nxf3+ 12. Nxf3 exf5 13. Re1+ Be6 14. Ng5
O-O-O 15. b4 Bb6 16. a4 Qd6 17. g3 h6 18. Bf4 Qd7 19. Nf3 g5 20. Be5 Rhg8 21.
Bf6 Rde8 22. Ne5 Qd6 23. c4 Bd8 24. c5 Qc7 25. Bxd8 Rxd8 26. Qd4 f4 27. b5 fxg3
28. hxg3 Qa5 29. c6 Qb6 30. Qd3 d4 31. a5 Qc5 32. b6 Rd5 33. Rec1 Qb5 34. bxa7
1-0

[Event "2012(Zaozhuang-China) Asian Nations Chess Cup"]
[Site "ZaoZhuang, China"]
[Date "2012.05.25"]
[Round "8"]
[Board "4"]
[White "Gopal, Geetha Narayanan"]
[Black "Nasanjargal, Urtnasan"]
[Result "1-0"]
[WhiteElo "2562"]
[BlackElo "2304"]
[PlyCount "0"]
[EventDate "2012.05.17"]
[EventType "team"]
[EventRounds "9"]
[EventCountry "CHN"]
[WhiteTeam "India"]
[BlackTeam "Mongolia"]

1. e4 c5 2. Nf3 d6 3. d4 cxd4 4. Nxd4 Nf6 5. Nc3 a6 6. Be3 e5 7. Nf3 Be7 8. Bc4
O-O 9. O-O Be6 10. Bb3 Nc6 11. Bg5 Rc8 12. Bxf6 Bxf6 13. Nd5 Be7 14. Qe2 Na5
15. Rfd1 Nxb3 16. axb3 Bxd5 17. Rxd5 Qb6 18. Qd3 Rc5 19. Rxc5 Qxc5 20. c3 g6
21. b4 Qc6 22. Rd1 f5 23. Nd2 Kg7 24. exf5 Rxf5 25. Nc4 Rf6 26. Ne3 Rf7 27. Nd5
Bd8 28. Qe3 Qc4 29. h3 Qb5 30. b3 Qc6 31. c4 h6 32. Qe2 Kh7 33. Rd3 b5 34. Qg4
bxc4 35. bxc4 Rf5 36. Qe4 Kg7 37. Rg3 Bg5 38. Qd3 Qd7 39. Rg4 Qf7 40. h4 Bd8
41. Qe2 h5 42. Re4 a5 43. b5 Qa7 44. g3 Rf7 45. Re3 Qc5 46. Rc3 Qd4 47. Qe3
Qd1+ 48. Kg2 Qg4 49. f3 Qf5 50. Qe4 Qc8 51. c5 Qb7 52. c6 Qxb5 53. c7 Bxc7 54.
Nxc7 Qb2+ 55. Rc2 Qb3 56. Rc6 Qb2+ 57. Qc2 Qa3 58. Ne6+ Kf6 59. Ng5 Rd7 60. Ra6
Ke7 61. Ra8 Qe3 62. Qa2 d5 63. Rxa5 Kf6 64. Ra6+ Kg7 65. Qc2 e4 66. fxe4 dxe4
67. Qb2+ 1-0

[Event "2012(Zaozhuang-China) Asian Nations Chess Cup"]
[Site "ZaoZhuang, China"]
[Date "2012.05.25"]
[Round "8"]
[Board "2"]
[White "Kazhgaleyev, Murtas"]
[Black "Nguyen, Ngoc Truong Son"]
[Result "0-1"]
[WhiteElo "2595"]
[BlackElo "2656"]
[PlyCount "0"]
[EventDate "2012.05.17"]
[EventType "team"]
[EventRounds "9"]
[EventCountry "CHN"]
[WhiteTeam "Kazakhstan"]
[BlackTeam "Vietnam"]

1. d4 Nf6 2. c4 c5 3. d5 a6 4. a4 e6 5. Nc3 exd5 6. cxd5 Bd6 7. Nf3 Qe7 8. Bg5
Bc7 9. e3 d6 10. h3 h6 11. Bh4 Bf5 12. Qb3 b6 13. Be2 Nbd7 14. Nd2 O-O 15. O-O
Ne5 16. e4 Bd7 17. Bg3 Ng6 18. Qc2 Rfb8 19. f4 Qe8 20. Nc4 b5 21. f5 Ne5 22.
Bxe5 dxe5 23. d6 Bd8 24. Ne3 c4 25. Kh1 Qf8 26. Rad1 Rb6 27. Qd2 Kh8 28. Ng4
Nxg4 29. Bxg4 Bf6 30. a5 Rb7 31. Qd5 Rab8 32. Qc5 b4 33. Nd5 Rc8 34. Qe3 Rc6
35. Nxf6 gxf6 36. Be2 Kh7 37. Rd2 c3 38. bxc3 b3 39. Rdd1 b2 40. Qd2 Qb8 41.
Qd5 Be8 42. Kh2 Kg7 43. c4 b1=Q 44. Rxb1 Rxb1 45. d7 Bxd7 46. Qxd7 Qb7 47. Qd3
Rxf1 48. Bxf1 Qb4 49. Be2 Rd6 50. Qg3+ Kf8 51. Qe3 Qd2 52. Qc5 Kg7 53. Bh5 Qf4+
54. Kg1 Rd4 55. Qa7 Qc1+ 56. Kh2 Qxc4 57. Bf3 Qb5 58. Qc7 Rc4 59. Qd8 Rc5 60.
Bh5 Qxa5 61. Qd3 Qc3 62. Qxa6 Qe3 63. Qa2 Rc7 64. Bf3 Qf4+ 65. Kg1 Rc1+ 66. Kf2
Qh4+ 0-1

[Event "2012(Zaozhuang-China) Asian Nations Chess Cup"]
[Site "ZaoZhuang, China"]
[Date "2012.05.25"]
[Round "8"]
[Board "3"]
[White "Nguyen, Duc Hoa"]
[Black "Ismagambetov, Anuar"]
[Result "1-0"]
[WhiteElo "2496"]
[BlackElo "2478"]
[PlyCount "0"]
[EventDate "2012.05.17"]
[EventType "team"]
[EventRounds "9"]
[EventCountry "CHN"]
[WhiteTeam "Vietnam"]
[BlackTeam "Kazakhstan"]

1. d4 Nf6 2. c4 e6 3. Nf3 c5 4. d5 exd5 5. cxd5 d6 6. Nc3 g6 7. Bg5 Bg7 8. e3
O-O 9. Nd2 Nbd7 10. Be2 a6 11. a4 Rb8 12. O-O Re8 13. Rb1 Qe7 14. h3 Qf8 15.
Bh4 Nb6 16. e4 Nfd7 17. Kh1 Na8 18. Bg3 f5 19. exf5 gxf5 20. Bh5 Rd8 21. Qe2
Nc7 22. Nc4 Nf6 23. a5 f4 24. Bh4 Bf5 25. Rbd1 Nb5 26. Nxb5 axb5 27. Na3 Rd7
28. Bxf6 Qxf6 29. Qxb5 Rbd8 30. f3 Qh4 31. Bg4 Bxg4 32. fxg4 Re7 33. Rxf4 Re3
34. Qf1 Rde8 35. Qf2 Qh6 36. Nc4 Re2 37. Qf3 Re1+ 38. Rxe1 Rxe1+ 39. Kh2 Qg6
40. Rf5 Qe8 41. Qd3 Re4 42. b3 Rd4 43. Qg3 Bf8 44. Nxd6 Qd7 45. Rg5+ 1-0

[Event "2012(Zaozhuang-China) Asian Nations Chess Cup"]
[Site "ZaoZhuang, China"]
[Date "2012.05.25"]
[Round "8"]
[Board "4"]
[White "Kuderinov, Kirill"]
[Black "Dao, Thien Hai"]
[Result "1/2-1/2"]
[WhiteElo "2493"]
[BlackElo "2514"]
[PlyCount "0"]
[EventDate "2012.05.17"]
[EventType "team"]
[EventRounds "9"]
[EventCountry "CHN"]
[WhiteTeam "Kazakhstan"]
[BlackTeam "Vietnam"]

1. d4 d5 2. c4 c6 3. Nf3 Nf6 4. Qc2 g6 5. Bf4 Bg7 6. e3 O-O 7. Nc3 Bf5 8. Bd3
Bxd3 9. Qxd3 Nbd7 10. cxd5 Nxd5 11. Nxd5 cxd5 12. O-O Qb6 13. Qa3 e6 14. Rac1
Rfc8 15. b3 Bf8 16. Qa4 Rc6 17. Rxc6 Qxc6 18. Qxc6 bxc6 19. Rc1 Rc8 20. g4 c5
21. Ne5 Nxe5 22. Bxe5 c4 23. Kf1 Ba3 24. Rc2 Kf8 25. Ke2 Ke7 26. e4 Kd7 27.
bxc4 Rxc4 28. Rxc4 dxc4 29. Bf4 Kc6 30. Kd2 Kb5 31. Kc2 a6 32. g5 Bb4 33. Be3
Bd6 34. h3 1/2-1/2

[Event "2012(Zaozhuang-China) Asian Nations Chess Cup"]
[Site "ZaoZhuang, China"]
[Date "2012.05.25"]
[Round "8"]
[Board "1"]
[White "Zhou, Jianchao"]
[Black "Lai, Cyrus Ho-yeung"]
[Result "1-0"]
[WhiteElo "2609"]
[BlackElo "1826"]
[PlyCount "0"]
[EventDate "2012.05.17"]
[EventType "team"]
[EventRounds "9"]
[EventCountry "CHN"]
[WhiteTeam "China 2"]
[BlackTeam "Hong Kong"]

1. d4 Nf6 2. c4 g6 3. f3 d5 4. cxd5 Nxd5 5. e4 Nb6 6. Nc3 Bg7 7. Be3 O-O 8. Qd2
Nc6 9. O-O-O f5 10. e5 e6 11. h4 Ne7 12. h5 Ned5 13. hxg6 hxg6 14. Bh6 Qe7 15.
Bxg7 Qxg7 16. Nh3 Kf7 17. Ng5+ Ke8 18. Nxd5 Nxd5 19. Rh7 Qg8 20. Bc4 Ne7 21.
Qb4 1-0

[Event "2012(Zaozhuang-China) Asian Nations Chess Cup"]
[Site "ZaoZhuang, China"]
[Date "2012.05.25"]
[Round "8"]
[Board "2"]
[White "Lo, Cheuk Wai"]
[Black "Zhao, Jun"]
[Result "0-1"]
[WhiteElo "1818"]
[BlackElo "2577"]
[PlyCount "0"]
[EventDate "2012.05.17"]
[EventType "team"]
[EventRounds "9"]
[EventCountry "CHN"]
[WhiteTeam "Hong Kong"]
[BlackTeam "China 2"]

1. e4 c5 2. Nf3 Nc6 3. Bd3 g6 4. c3 Bg7 5. h3 e5 6. Bc2 Nge7 7. d3 O-O 8. Be3
d6 9. g4 b6 10. Rg1 d5 11. Qe2 Ba6 12. c4 dxe4 13. dxe4 Nd4 14. Bxd4 exd4 15.
Bd3 Nc6 16. Nbd2 Re8 17. O-O-O Rb8 18. Kb1 Qc7 19. Rdf1 Nb4 20. Rc1 Qf4 21. a3
Nc6 22. Qf1 Re7 23. Qg2 Nd8 24. Rge1 Bb7 25. Rcd1 Ne6 26. Qf1 Rbe8 27. Ng1 Bh6
28. Ne2 Qf6 29. Qg2 Bxd2 30. Rxd2 Ng5 0-1

[Event "2012(Zaozhuang-China) Asian Nations Chess Cup"]
[Site "ZaoZhuang, China"]
[Date "2012.05.25"]
[Round "8"]
[Board "1"]
[White "Camacho Collados, Jose"]
[Black "Ghaem Maghami, Ehsan"]
[Result "1/2-1/2"]
[WhiteElo "2353"]
[BlackElo "2578"]
[PlyCount "0"]
[EventDate "2012.05.17"]
[EventType "team"]
[EventRounds "9"]
[EventCountry "CHN"]
[WhiteTeam "Korea"]
[BlackTeam "Iran"]

1. Nf3 c5 2. c4 g6 3. g3 Bg7 4. Bg2 Nc6 5. Nc3 d6 6. O-O e6 7. a3 Nge7 8. Rb1
b6 9. b4 O-O 10. e3 Bb7 11. d4 Rc8 12. Qd3 d5 13. bxc5 Ba6 14. Nb5 bxc5 15.
dxc5 Na5 16. cxd5 Nxd5 17. Bd2 Rxc5 18. Rfc1 Nc4 19. a4 Nxd2 20. Qxd2 Rxc1+ 21.
Rxc1 Bxb5 22. axb5 Nc3 23. Qxd8 Rxd8 24. Bf1 Rb8 25. Rc2 Rb6 26. Rd2 Rb7 27.
Rd8+ Bf8 28. Ne5 Kg7 29. Rd7 Rxd7 30. Nxd7 Be7 31. b6 axb6 32. Nxb6 Bc5 33. Nc4
f5 34. Kg2 Kf6 35. f4 g5 36. fxg5+ Kxg5 37. Kf3 h5 38. Bd3 h4 39. gxh4+ Kxh4
40. Kf4 Nd5+ 41. Ke5 Nxe3 42. Nxe3 Bxe3 43. Bxf5 exf5 44. Kxf5 1/2-1/2

[Event "2012(Zaozhuang-China) Asian Nations Chess Cup"]
[Site "ZaoZhuang, China"]
[Date "2012.05.25"]
[Round "8"]
[Board "2"]
[White "Seyedjavad, Alavimoghaddam"]
[Black "Lee, Sanghoon"]
[Result "1-0"]
[WhiteElo "2441"]
[BlackElo "2137"]
[PlyCount "0"]
[EventDate "2012.05.17"]
[EventType "team"]
[EventRounds "9"]
[EventCountry "CHN"]
[WhiteTeam "Iran"]
[BlackTeam "Korea"]

1. Nf3 Nf6 2. c4 g6 3. Nc3 d5 4. cxd5 Nxd5 5. g3 Bg7 6. Bg2 O-O 7. O-O c5 8.
Nxd5 Qxd5 9. d3 Nc6 10. a3 Qd6 11. Rb1 Be6 12. Bf4 Qd7 13. Qd2 Bh3 14. Bxh3
Qxh3 15. Rfc1 e5 16. Be3 Nd4 17. Bxd4 cxd4 18. Rc7 a5 19. Rxb7 Bh6 20. Qd1 Qe6
21. Rb5 f6 22. Nd2 Rfc8 23. Nc4 Rxc4 24. dxc4 Qxc4 25. Qd3 Qxd3 26. exd3 Rc8
27. Rxa5 e4 28. dxe4 d3 29. Rd1 d2 30. Kf1 Rc2 31. Rb5 f5 32. exf5 gxf5 33. f4
Bg7 34. Ke2 Bxb2 35. Rxd2 Rxd2+ 36. Kxd2 Bxa3 37. Rxf5 Kg7 38. g4 Be7 39. Kd3
1-0

[Event "2012(Zaozhuang-China) Asian Nations Chess Cup"]
[Site "ZaoZhuang, China"]
[Date "2012.05.25"]
[Round "8"]
[Board "3"]
[White "Chogdov, Munkhbat"]
[Black "Puria, Darini"]
[Result "0-1"]
[WhiteElo "2245"]
[BlackElo "2491"]
[PlyCount "0"]
[EventDate "2012.05.17"]
[EventType "team"]
[EventRounds "9"]
[EventCountry "CHN"]
[WhiteTeam "Korea"]
[BlackTeam "Iran"]

1. c4 Nf6 2. Nc3 e5 3. Nf3 Nc6 4. d3 h6 5. e4 Bb4 6. Be2 d6 7. O-O O-O 8. h3
Bc5 9. a3 a5 10. Be3 Re8 11. Qb3 Nd4 12. Bxd4 exd4 13. Na4 Ba7 14. Rfe1 c6 15.
Rac1 b5 16. cxb5 Be6 17. Rc4 cxb5 18. Qxb5 Bxc4 19. Qxc4 d5 20. exd5 Nxd5 21.
Qc2 Rc8 22. Qd2 Bb8 23. Bf1 Rxe1 24. Qxe1 Nf4 25. g3 Ne6 26. Nd2 Bc7 27. Nc4
Qe8 28. Qd1 Qb5 29. Bg2 Rb8 30. Kf1 Kf8 31. Bf3 Ng5 32. Bg2 Qf5 33. g4 Qb5 34.
Qc2 Ne6 35. Nd2 Bf4 36. Ne4 Kg8 37. Qc4 Qxc4 38. dxc4 Bc1 39. Nd6 Bxb2 40. Nb5
Bc1 41. Ke1 Nf4 42. Bf1 d3 43. Kd1 Bxa3 0-1

[Event "2012(Zaozhuang-China) Asian Nations Chess Cup"]
[Site "ZaoZhuang, China"]
[Date "2012.05.25"]
[Round "8"]
[Board "4"]
[White "Mahjoob, Morteza"]
[Black "Kim, Changhoon"]
[Result "1-0"]
[WhiteElo "2424"]
[BlackElo "1791"]
[PlyCount "0"]
[EventDate "2012.05.17"]
[EventType "team"]
[EventRounds "9"]
[EventCountry "CHN"]
[WhiteTeam "Iran"]
[BlackTeam "Korea"]

1. d4 Nf6 2. g3 e6 3. Bg2 d5 4. Nf3 Be7 5. O-O O-O 6. c4 c6 7. b3 b6 8. Nbd2
Bb7 9. Bb2 Nbd7 10. e3 Re8 11. Qe2 dxc4 12. Nxc4 c5 13. Rfd1 Qc7 14. Rac1 Rad8
15. dxc5 Nxc5 16. Be5 Rxd1+ 17. Rxd1 Qc8 18. Nd4 Ba6 19. Nc6 Ncd7 20. Nxa7 Qc5
21. Bd4 Qc7 22. Nc6 e5 23. Nxe7+ Rxe7 24. Bb2 e4 25. Qd2 Re8 26. Nd6 Re7 27.
Nf5 Re8 28. Nxg7 Kxg7 29. Qxd7 Qc2 30. Qg4+ 1-0

[Event "2012(Zaozhuang-China) Asian Nations Chess Cup"]
[Site "ZaoZhuang, China"]
[Date "2012.05.25"]
[Round "8"]
[Board "2"]
[White "Al-Ali, Hussein Ali Hussein"]
[Black "Ahmed, Hatem Ebrahim"]
[Result "1/2-1/2"]
[WhiteElo "2343"]
[BlackElo "2278"]
[PlyCount "0"]
[EventDate "2012.05.17"]
[EventType "team"]
[EventRounds "9"]
[EventCountry "CHN"]
[WhiteTeam "Iraq"]
[BlackTeam "Yemen"]

1. e4 c6 2. d4 g6 3. Nc3 Bg7 4. Nf3 d6 5. a4 Nf6 6. h3 O-O 7. Be2 d5 8. Bd3
dxe4 9. Nxe4 Nxe4 10. Bxe4 e5 11. dxe5 Qxd1+ 12. Kxd1 Nd7 13. Be3 Nxe5 14. Nxe5
Bxe5 15. Kc1 f5 16. Bf3 Re8 17. Rd1 Be6 18. a5 a6 19. Ra3 Rad8 20. Rad3 Rxd3
21. Rxd3 Kf7 22. b3 Kf6 23. h4 f4 24. Bd4 Bf5 25. Rd2 h6 26. Re2 Re6 27. Rxe5
Rxe5 28. Kd2 Ke6 29. Bxe5 Kxe5 30. Be2 g5 31. hxg5 hxg5 32. c3 Be4 33. g3 Bd5
34. b4 Be4 35. gxf4+ gxf4 36. Bf1 Kd5 37. Be2 c5 38. b5 c4 39. bxa6 bxa6 40.
Bg4 Kc5 41. Bd7 Bc6 42. Bc8 Kb5 43. Be6 Bb7 44. Ke1 Bg2 45. Ke2 Be4 46. Bf7 Bg2
47. Be6 Bc6 48. Ke1 Be8 49. Kd2 Bh5 50. Ke1 Bg6 51. Ke2 Be4 52. Bf7 Kc5 53. Be8
Bd5 54. Bd7 Be4 55. Be8 Kd6 56. Bf7 Bd5 57. Be8 Ke6 58. Bh5 Ke5 59. Bg4 Bb7 60.
Bh3 Kd6 61. Bg4 Kc5 62. Bd7 Kd6 63. Bg4 Ke5 64. Bh3 Kd6 65. Bg4 Kc5 66. Bd7
1/2-1/2

[Event "2012(Zaozhuang-China) Asian Nations Chess Cup"]
[Site "ZaoZhuang, China"]
[Date "2012.05.25"]
[Round "8"]
[Board "3"]
[White "Ali, Yahya Saleh"]
[Black "Ismael, Namir Mohammed Ismael"]
[Result "0-1"]
[WhiteElo "2256"]
[BlackElo "2192"]
[PlyCount "0"]
[EventDate "2012.05.17"]
[EventType "team"]
[EventRounds "9"]
[EventCountry "CHN"]
[WhiteTeam "Yemen"]
[BlackTeam "Iraq"]

1. Nf3 Nf6 2. c4 c5 3. d4 cxd4 4. Nxd4 e5 5. Nb5 d5 6. cxd5 Bc5 7. e3 O-O 8.
N5c3 e4 9. a3 a5 10. h3 Bf5 11. Qb3 Qe7 12. Nd2 Nbd7 13. Qxb7 Rfb8 14. Qc6 Nb6
15. Nb3 Rc8 16. Qb5 Bd7 17. Qe2 Nbxd5 18. Nxd5 Nxd5 19. Qd1 Nxe3 20. Bxe3 Bxe3
21. Be2 Bb6 22. O-O Ba4 23. Qd5 e3 24. f4 Qe6 25. Qxe6 fxe6 26. Nc1 Rc2 27. b3
Bc6 28. Rd1 Rd2 29. Kf1 Bb5 30. Rxd2 exd2 31. Nd3 Rd8 32. Nb2 Bxe2+ 33. Kxe2
Bd4 0-1

[Event "2012(Zaozhuang-China) Asian Nations Chess Cup"]
[Site "ZaoZhuang, China"]
[Date "2012.05.25"]
[Round "8"]
[Board "4"]
[White "Mohammed, Zozek Salah Mohammed"]
[Black "Abdulla, Omar"]
[Result "1-0"]
[WhiteElo "2268"]
[BlackElo "2035"]
[PlyCount "0"]
[EventDate "2012.05.17"]
[EventType "team"]
[EventRounds "9"]
[EventCountry "CHN"]
[WhiteTeam "Iraq"]
[BlackTeam "Yemen"]

1. d4 Nf6 2. c4 d5 3. Nc3 e6 4. Nf3 c5 5. cxd5 exd5 6. g3 Be7 7. Bg2 O-O 8. O-O
c4 9. b3 cxb3 10. Qxb3 Nc6 11. Bg5 Na5 12. Qb5 a6 13. Qd3 Re8 14. Ne5 Be6 15.
Rab1 h6 16. Bd2 Rb8 17. f4 b5 18. f5 Bc8 19. Nxd5 Nxd5 20. Bxa5 Qd6 21. Rfc1
Bb7 22. e4 Bg5 23. Re1 Ne3 24. Rxe3 Bxe3+ 25. Qxe3 f6 26. Ng6 Rbc8 27. Bb4 Qc7
28. Bc5 Kh7 29. Nf4 Bc6 30. Ne6 Qb7 31. Rd1 a5 32. Qf4 b4 33. Qg4 a4 34. d5 b3
35. dxc6 Rxc6 36. Qg6+ 1-0

[Event "2012(Zaozhuang-China) Asian Nations Chess Cup"]
[Site "ZaoZhuang, China"]
[Date "2012.05.26"]
[Round "9"]
[Board "3"]
[White "Ding, Liren"]
[Black "Battulga, Namkhai"]
[Result "1/2-1/2"]
[WhiteElo "2679"]
[BlackElo "2397"]
[PlyCount "0"]
[EventDate "2012.05.17"]
[EventType "team"]
[EventRounds "9"]
[EventCountry "CHN"]
[WhiteTeam "China 1"]
[BlackTeam "Mongolia"]

1. d4 d5 2. c4 e6 3. Nc3 Nf6 4. Nf3 c6 5. Bg5 h6 6. Bh4 dxc4 7. e4 g5 8. Bg3 b5
9. Be2 Bb7 10. O-O Nbd7 11. Ne5 h5 12. Nxd7 Qxd7 13. Be5 Rh6 14. Qc1 Rg6 15.
Rd1 Ng4 16. Bg3 f5 17. h3 h4 18. hxg4 hxg3 19. gxf5 Rh6 20. Qxg5 gxf2+ 21. Kxf2
Qe7 22. Bh5+ Kd8 23. Qxe7+ Bxe7 24. g4 Kc7 25. b3 b4 26. Na4 c3 27. a3 Bg5 28.
axb4 c2 29. Rdc1 Bxc1 30. Rxc1 exf5 31. exf5 Bc8 32. Rxc2 Bxf5 33. Re2 1/2-1/2

[Event "2012(Zaozhuang-China) Asian Nations Chess Cup"]
[Site "ZaoZhuang, China"]
[Date "2012.05.26"]
[Round "9"]
[Board "4"]
[White "Nasanjargal, Urtnasan"]
[Black "Yu, Yangyi"]
[Result "0-1"]
[WhiteElo "2304"]
[BlackElo "2626"]
[PlyCount "0"]
[EventDate "2012.05.17"]
[EventType "team"]
[EventRounds "9"]
[EventCountry "CHN"]
[WhiteTeam "Mongolia"]
[BlackTeam "China 1"]

1. e4 c5 2. Nf3 e6 3. d4 cxd4 4. Nxd4 a6 5. Bd3 Nf6 6. O-O Qc7 7. Nc3 d6 8. Kh1
b5 9. a3 Bb7 10. f4 Nbd7 11. Qe2 Be7 12. Bd2 O-O 13. Rae1 Rad8 14. Rf3 Nc5 15.
b4 Nxd3 16. cxd3 Rfe8 17. Rff1 Rc8 18. Rc1 Qd7 19. Nf3 Bf8 20. Nb1 e5 21. fxe5
dxe5 22. Be3 Qe6 23. Qb2 h6 24. Nbd2 Rcd8 25. Rc3 Ng4 26. Bg1 f5 27. Nh4 f4 28.
Qb3 Kh7 29. Qxe6 Rxe6 30. Nb3 Red6 31. h3 Rxd3 32. Rxd3 Rxd3 33. Nc1 Ne3 34.
Nxd3 Nxf1 35. Bc5 Bxe4 36. Nxe5 Bxc5 37. bxc5 Ne3 38. Nhf3 g5 39. c6 Kg7 40.
Nd4 Kf6 41. c7 Bxg2+ 42. Kh2 Bb7 43. Nd7+ Ke7 44. Nb6 Nc4 45. c8=Q Bxc8 46.
Nxc8+ Kd7 47. Na7 Nxa3 48. Nac6 Kd6 49. Na5 Kd5 50. Nf5 Nc4 51. Nb3 a5 52. Nxh6
a4 53. Nc1 b4 54. Na2 b3 55. Nc3+ Ke5 0-1

[Event "2012(Zaozhuang-China) Asian Nations Chess Cup"]
[Site "ZaoZhuang, China"]
[Date "2012.05.26"]
[Round "9"]
[Board "1"]
[White "Abdulwahhab, Ahmed Abdulsattar A"]
[Black "Hari Krishna, Pentala"]
[Result "0-1"]
[WhiteElo "2321"]
[BlackElo "2693"]
[PlyCount "0"]
[EventDate "2012.05.17"]
[EventType "team"]
[EventRounds "9"]
[EventCountry "CHN"]
[WhiteTeam "Iraq"]
[BlackTeam "India"]

1. e4 c6 2. d4 d5 3. e5 Bf5 4. Nc3 e6 5. g4 Bg6 6. Nge2 h6 7. Nf4 Bh7 8. Bd3
Bxd3 9. Qxd3 c5 10. Qb5+ Qd7 11. dxc5 a6 12. Qxd7+ Nxd7 13. Nd3 h5 14. gxh5
Rxh5 15. Bf4 Nxc5 16. O-O-O Rc8 17. Kb1 Ne7 18. Ne2 Ng6 19. Rde1 Be7 20. Nec1
Ne4 21. Re2 Rc4 22. Bg3 Nxg3 23. fxg3 Re4 24. Rhe1 Nxe5 25. Rxe4 dxe4 26. Nxe5
Rxe5 27. c3 f5 28. Nd3 Rd5 29. Nf4 Rd6 30. h4 Kf7 31. Kc2 g5 32. hxg5 Bxg5 33.
Rh1 e5 34. Rh7+ Kf6 35. Nh3 e3 0-1

[Event "2012(Zaozhuang-China) Asian Nations Chess Cup"]
[Site "ZaoZhuang, China"]
[Date "2012.05.26"]
[Round "9"]
[Board "2"]
[White "Nguyen, Ngoc Truong Son"]
[Black "Lo, Cheuk Wai"]
[Result "1-0"]
[WhiteElo "2656"]
[BlackElo "1818"]
[PlyCount "0"]
[EventDate "2012.05.17"]
[EventType "team"]
[EventRounds "9"]
[EventCountry "CHN"]
[WhiteTeam "Vietnam"]
[BlackTeam "Hong Kong"]

1. d4 f5 2. c4 Nf6 3. Nc3 d6 4. Nf3 g6 5. g3 Bg7 6. Bg2 O-O 7. O-O Qe8 8. Nd5
Nxd5 9. cxd5 c6 10. Qb3 Kh8 11. Bd2 cxd5 12. Qxd5 Nc6 13. Bc3 h6 14. e4 Nd8 15.
exf5 Rxf5 16. Qe4 Be6 17. Nh4 Bd5 18. Qxe7 1-0